Las leyes: epinomis, el político

Wedi'i Gadw mewn:
Manylion Llyfryddiaeth
Prif Awduron: Platón (Awdur), Larroyo, Francisco (Awdur)
Fformat: Llyfr
Iaith:Sbaeneg
Cyhoeddwyd: Ciudad de México Porrúa 1975
Cyfres:Sepan cuantos, 139
Pynciau:
Tagiau: Ychwanegu Tag
Dim Tagiau, Byddwch y cyntaf i dagio'r cofnod hwn!

MARC

LEADER 00000nam a2200000 a 4500
001 UCY6263
003 CL-VaPUC
008 950521e19750000MX |||||||||||||||||spa|d
082 0 4 |a 184  |b PLA  |2 21 
100 0 |a Platón  |e author  |9 222 
700 |a Larroyo, Francisco  |e author  |9 477021 
245 1 4 |a Las leyes: epinomis, el político 
300 |a 344 p 
942 |c BK 
945 |d 19950521 00:00:00  |a oaravena 
260 |a Ciudad de México  |b Porrúa  |c 1975 
650 0 |a Filosofía   |9 223554 
650 7 |a LEGISLACION  |2 CL-VaPUC  |9 336114 
650 0 |a Filosofía antigua   |9 255705 
650 7 |a FILOSOFIA POLITICA  |2 CL-VaPUC  |9 336115 
651 0 |a Grecia  |9 265314 
583 |a last modification  |c 19950521 00:00:00  |k Rodrigo Vera 
490 0 |a Sepan cuantos, 139 
999 |c 233841  |d 233839 
952 |0 0  |1 0  |4 0  |6 184_000000000000000_PLA_1975  |7 0  |8 R  |9 239629  |a BIBEDU  |b BIBEDU  |c MCIRC  |d 2019-11-18  |i 150634K  |o 184 PLA 1975  |p 150634K  |r 2023-01-13  |w 2019-11-18  |y BK_R  |k FIL